00757 a2200229 450000500170000000800410001701000140005802000230007203500130009503700150010804000180012308200110014110000170015224501780016925000120034726000350035927000390039430000350043365000150046865000250048370000190050820080826152110.0080826t xxu||||| |||| 00| 0 eng d aENG-90930 a8180546543c525.00 aEN-74463 bDBAD / PUB aDPLbEnglish  a657.48 aGupta, R.L.  aAdvanced financial accounting:cby R.L. Gupta [and] M. Radhaswamybfor intermediate examination under revised syllabus of Institute of Cost and Works Accountants of India / a4th ed. aNew DelhibSultan Chandc2008 a23, DaryaganjbNew Delhie110 002 aVarious pagings c24 cm (pbk) aAccounting aFinancial accounting aRadhaswamy, M.